| 000 | 00671nam a2200229Ia 4500 | ||
|---|---|---|---|
| 999 |
_c49268 _d49268 |
||
| 001 | 16183 | ||
| 003 | GE_BSU | ||
| 005 | 20230510103951.0 | ||
| 008 | 181216s1998||||enk|||||||||||||| ||eng|| | ||
| 020 | _a9780023984150 | ||
| 040 | _cGE_BSU | ||
| 041 | _aeng | ||
| 080 | _a519.7 R-11 | ||
| 100 |
_aRardin, Ronald _910105 |
||
| 245 |
_aOptimization in Operations Reserch / _cRonald, Rardin. |
||
| 264 |
_aNew Jersey : _bPrentice Hall, _c1998. |
||
| 300 |
_a919 p. _b24 cm. |
||
| 653 | _aOptimization in Operations Reserch | ||
| 653 | _aმათემატიკა | ||
| 653 | _aმათემატიკური ოპერაციები | ||
| 942 |
_cBK _2udc |
||